000 00970nam a22002651u 4500
001 12333
003 HDC
007 cr bn ---
008 210209p2001 my eng
040 _aHDC
100 _aChan, Chee Sheng,
_eauthor
_912907
245 0 _aSeasonal weather effects on crop evapotranspiration and rice yield /
_cby Chan Chee Sheng and Cheong Ah Wah
260 _aSerdang :
_bMalaysian Agricultural Research and Development Institute (MARDI),
_c2001
300 _a1 page
336 _atext
_2rdacontent
337 _acomputer
_2rdamedia
338 _aonline resource
_2rdacarrier
650 _aCrop establishment systems
_912909
650 _aCrop productivity
_912910
650 _aEvapotranspiration
_912908
856 _zRequest full-text at [email protected]
942 _2lcc
942 _cAR
942 _kJART 003101
999 _c9656
_d9656